000 00417pab a2200169 454500
008 180718b2001 xxu||||| |||| 00| 0 eng d
100 _aJoshi, Manoj
245 _aNot by force alone: transparency best counter to insurgency
260 _c2001
300 _ap.10
362 _a28 Aug
650 _aInsurgency
650 _aTerrorism - India
650 _aTerrorism
773 _aTimes of India
909 _a50539
999 _c50539
_d50539